Szczegóły MARC21

Program rozwijania umiejętności posługiwania się wzrokiem Cz.2, Zestaw ćwiczeń usprawniających /

005 -DATA I CZAS OSTATNIEJ MODYFIKACJI [,]
    • @
    • pole kontrolne
    • 20070315155141.9
040 -Instytucja sporządzająca opis [ , ]
    • a
    • Instytucja, która sporządziła opis (NP)
    • SZCZ U
    • c
    • Instytucja, która sporządziła rekord (NP)
    • SZCZ U
041 -Język dokumentu [1, ]
    • a
    • Język tekstu (P)
    • polski
    • h
    • Język tekstu oryginalnego i/lub pośredniego (P)
    • angielski
942 -Rodzaj dokumentu [ , ]
    • c
    • Rodzaj dokumentu
    • Książka
245 -Strefa tytułu i oznaczenia odpowiedzialności [0, ]
    • a
    • Tytuł
    • Program rozwijania umiejętności posługiwania się wzrokiem Find
    • n
    • Oznaczenie części (P)
    • Cz.2,
    • p
    • Nazwa części (P)
    • Zestaw ćwiczeń usprawniających /
    • c
    • Pozostałe elementy strefy tytułu i oznaczenia odpowiedzialności (NP)
    • Natalie C.Barraga - red. nacz. ; June E.Morris - kier. tematu.
250 -Strefa wydania [ , ]
    • a
    • Oznaczenie wydania (NP)
    • [Wyd.2 (polskie)].
260 -Strefa adresu wydawniczego [ , ]
    • a
    • Miejsce wydania (P)
    • Warszawa :
    • b
    • Nazwa wydawcy (P)
    • Wyższa Szkoła Pedagogiki Specjalnej,
    • c
    • Data wydania (P)
    • 1997.
300 -Strefa opisu fizycznego [ , ]
    • a
    • Określenie formy książki i/lub objętość (NP)
    • 28 s :
    • b
    • Oznaczenie ilustracji (NP)
    • rys. :
    • c
    • Format (NP)
    • 24 cm +
    • e
    • Oznaczenie dokumentu towarzyszącego (NP)
    • 2 załączn.
500 -Uwaga ogólna [ , ]
    • a
    • Uwaga ogólna (NP)
    • Tł. z ang. - Progr. zaw.167 schematów kart lekcji (br.lekcji nr 25, podwójna karta nr 91), 997 załączników do ćwicz. w 93 kopertach
080 -Uniwersalna Klasyfikacja Dziesiętna [ , ]
    • a
    • Symbol klasyfikacji
    • 376.32
980 -Symbol UKD [ , ]
    • a
    • UKD
    • 376.32
700 -Hasło dodatkowe - nazwa osobowa [ , ]
    • a
    • Nazwa osobowa (NP)
    • Barraga Natalie C. Find
700 -Hasło dodatkowe - nazwa osobowa [ , ]
    • a
    • Nazwa osobowa (NP)
    • Morris June E. Find
Lokalizacja Status udost. Data inwentaryzacji Numer inwentarzowy
BG12000-07-26Pd.13468